The road to victory : a history of Hampton roads port of embarkation in world war II /

Bibliographic Details
Main Author: Wheeler, W. Reginald (William Reginald), 1889-1963
Format: Book
Language:English
Published: Newport News, Va. ; [New Haven] : [Yale university press], 1946.
Subjects:

MARC

Tag First Indicator Second Indicator Subfields
LEADER 00000cam a2200000 4500
001 in00000055956
005 20151008052335.0
008 750411s1946 vau 00000 eng u
010 |a  46020398  
035 |a (OCoLC)01268423 
035 |9 AAH2907AM 
040 |c CIN  |d TXA  |d UtOrBLW 
049 |a TXAS [mil]  |v 1  |v 2  
050 0 |a D810.T8  |b W5 
092 |a 359.7  |b W564r 
100 1 |a Wheeler, W. Reginald  |q (William Reginald),  |d 1889-1963. 
245 1 4 |a The road to victory :  |b a history of Hampton roads port of embarkation in world war II /  |c edited by Major William Reginald Wheeler ; foreword by Major General Charles P. Gross ; illustrated with United States Army and Navy photographs, and paintings by Allan D. Jones, Jr., and Technical Sergeant Edward A. Chavez. 
264 1 |a Newport News, Va. ;  |a [New Haven] :  |b [Yale university press],  |c  1946. 
300 |a 2 volumes :  |b illustrations ;  |c 25 cm. 
336 |a text  |b txt  |2 rdacontent 
337 |a unmediated  |b n  |2 rdamedia 
338 |a volume  |b nc  |2 rdacarrier 
650 0 |a World War, 1939-1945  |z Virginia  |z Hampton Roads. 
650 0 |a World War, 1939-1945  |x Transportation. 
999 |a MARS 
999 f f |s 1ef3e996-50cc-39c3-9c5a-f3a7a68354c6  |i 4f01dc07-362f-3f93-9ff7-59d711eb2424  |t 0 
952 f f |p noncirc  |a Texas A&M University  |b College Station  |c Cushing Memorial Library & Archives  |d Cushing: Ragan Military (Does not check out)  |t 0  |e D810.T8 W5  |h Library of Congress classification  |i unmediated -- volume  |k v.2  |m A14852680520 
952 f f |p noncirc  |a Texas A&M University  |b College Station  |c Cushing Memorial Library & Archives  |d Cushing: Ragan Military (Does not check out)  |t 0  |e D810.T8 W5  |h Library of Congress classification  |i unmediated -- volume  |k v.1  |m A14852680512 
998 f f |a D810.T8 W5  |s v.1-v.2  |t 0  |l Cushing: Ragan Military (Does not check out)